| 000 | 00405nam a2200145 a 4500 | ||
|---|---|---|---|
| 005 | 20140412111243.0 | ||
| 008 | 001109s19uu xx 00 eng d | ||
| 020 | _a971-511-241-2 | ||
| 050 |
_aER _bTa11 1991 |
||
| 245 |
_aTalking to Jesus / _cillustrations by Jonathan de Vera. |
||
| 260 |
_aManila, Phil : _bOMF Literature, _c1991. |
||
| 300 | _a[33] p. | ||
| 650 | _aPrayer, childrens | ||
| 999 |
_c102838 _d102838 |
||